May I come in?: Skills handbook (Record no. 1371660)

MARC details
000 -LEADER
fixed length control field 00575nam a2200217Ia 4500
005 - DATE AND TIME OF LATEST TRANSACTION
control field 20250508161716.0
008 - FIXED-LENGTH DATA ELEMENTS--GENERAL INFORMATION
fixed length control field 008 250505s9999 xx 000 0 eng d
037 ## - SOURCE OF ACQUISITION
Stock number Textual
040 ## - CATALOGING SOURCE
Original cataloging agency FEDL
Language of cataloging eng
Transcribing agency FEDL
041 ## - LANGUAGE CODE
Language code of text/sound track or separate title eng
Source of code eng
084 ## - COLON CLASSIFICATION NUMBER
Classification number 428, CLY
Assigning agency FEDL
100 ## - MAIN ENTRY--PERSONAL NAME
Personal name Clymer Theodore
9 (RLIN) 771420
245 #0 - TITLE STATEMENT
Title May I come in?: Skills handbook
245 #0 - TITLE STATEMENT
Statement of responsibility, etc. Nita
260 ## - PUBLICATION, DISTRIBUTION, ETC.
Place of publication, distribution, etc. Boston, USA
Name of publisher, distributor, etc. Ginn and Company
Date of publication, distribution, etc. 1969
300 ## - PHYSICAL DESCRIPTION
Extent 96p
546 ## - LANGUAGE NOTE
Language note Weeded out
700 ## - ADDED ENTRY--PERSONAL NAME
Personal name Wyatt Nita
9 (RLIN) 771421
942 ## - ADDED ENTRY ELEMENTS (KOHA)
Koha item type Textual
Classification part 428, CLY
Holdings
Withdrawn status Lost status Damaged status Not for loan Home library Current library Date acquired Total Checkouts Full call number Barcode Date last seen Price effective from Koha item type
        Department of Education Library Department of Education Library 2025-05-08   428, CLY EL0059682 2025-05-08 2025-05-08 Textual
Copyright @ Delhi University Library System